=LDR 00000nam 2200000 4500 =001 INLIS000000000034042 =005 20130612135948 =008 ***********************************ind** =035 ##$$0010-061300000034042 =041 ##$$a ind =082 ##$$a 657.42 =090 ##$$a 657.42, Sup a =100 ##$$a Supriyono,R.A =245 ##$$a Akuntansi biaya, Pengumpulan biaya dan penentuan harga pokok/RA. Supriyono =260 ##$$a 2007 $b Yogyakarta =300 ##$$a xiv,482 hlm, 23 cm =650 ##$$a Akuntansi Biaya =850 ##$$a NBPNMAT